|
|
|
|
| LEADER |
01473cas a2200373 a 4500 |
| 001 |
c000274687 |
| 003 |
CARM |
| 005 |
20071026115622.0 |
| 008 |
960219c19859999at ar p 0 u0eng d |
| 019 |
1 |
|
|a 24703980
|5 LACONCORD2021
|
| 035 |
|
|
|a (OCoLC)173331611
|5 LACONCORD2021
|
| 040 |
|
|
|a VS:BR
|b eng
|c VS:BRl
|
| 042 |
|
|
|a anuc
|
| 043 |
|
|
|a u-at---
|
| 082 |
0 |
4 |
|a 602.18
|2 19
|
| 110 |
2 |
|
|a Standards Association of Australia.
|
| 240 |
1 |
0 |
|a Annual report (Standards Association of Australia)
|
| 245 |
1 |
0 |
|a Annual report /
|c Standards Association of Australia.
|
| 246 |
1 |
4 |
|a Standards Australia annual report
|
| 260 |
|
|
|a [North Sydney] :
|b Standards Association of Australia,
|c 1985-.
|
| 300 |
|
|
|a v. :
|b ill. ;
|c 30 cm.
|
| 362 |
0 |
|
|a 1984/1985-
|
| 362 |
1 |
|
|a Current year available electronically.
|
| 610 |
2 |
4 |
|a Standards Association of Australia
|x Periodicals.
|
| 650 |
|
0 |
|a Technology
|x Standards
|z Australia
|x Periodicals.
|
| 650 |
|
0 |
|a Standards, Engineering
|z Australia
|x Periodicals.
|
| 655 |
|
7 |
|a Electronic journals.
|2 lcsh
|
| 770 |
0 |
|
|t Supplement to the ... annual report
|
| 780 |
0 |
0 |
|a Standards Association of Australia.
|t Annual review
|
| 852 |
8 |
|
|b CARM
|h A1:AM15D0
|i F02858
|p 0392733
|f SE
|
| 866 |
|
0 |
|a (1984/85)-(1991)
|
| 866 |
|
0 |
|a (1984/85)-(1991)
|
| 999 |
f |
f |
|i 6829c8ed-4e1e-5cb4-a2a9-befcd65f741a
|s 0af13cca-f62f-50cf-922f-7fd3f89b49ff
|
| 952 |
f |
f |
|p Can circulate
|a CAVAL
|b CAVAL
|c CAVAL
|d CARM 1 Store
|e F02858
|f A1:AM15D0
|h Other scheme
|i book
|k (1984/85)-(1991)
|m 0392733
|